00728nam a2200169 a 450000100100000000500170001000800410002702000150006804000250008310000420010824501160015026000420026630000210030895201060032995201060043599900170054100003874620201002031345.0130419s1997 dr 000 0 spa d a9687277141 aDO-SdBNPbspacBNPHU1 aCuauhtémoc Sánchez, Carlos96503313aLa fuerza de sheccid :buna impactante historia de amor con mensje de valores /cCarlos Cuauhtémoc Sánchez. aMéxico :bSelectas Diamante,c1997. a192 p. ;c24 cm. 00107-18PDaPDbPDcOId2013-04-19iLF1l0o p38746-10r2020-06-25w2020-06-25yLFPDZNo se presta 00107-18PDaPDbPDcOId2013-04-19iLF1l0o p38747-10r2020-06-25w2020-06-25yLFPDZNo se presta c38236d38236